All change for the contaminated land regime (Record no. 77836)
[ view plain ]
| 000 -LEADER | |
|---|---|
| fixed length control field | 01313cab a22002655a 4500 |
| 001 - CONTROL NUMBER | |
| control field | ##L135225 |
| 008 - FIXED-LENGTH DATA ELEMENTS--GENERAL INFORMATION | |
| fixed length control field | 061005s2006 xxk f 000 0 eng d |
| 035 ## - SYSTEM CONTROL NUMBER | |
| System control number | (Sirsi) u135225 |
| 041 0# - LANGUAGE CODE | |
| Language code of text/sound track or separate title | eng |
| 100 1# - MAIN ENTRY--PERSONAL NAME | |
| Personal name | Rabin, Anna |
| 245 00 - TITLE STATEMENT | |
| Title | All change for the contaminated land regime |
| 260 ## - PUBLICATION, DISTRIBUTION, ETC. | |
| Date of publication, distribution, etc. | 2006 |
| 490 #0 - SERIES STATEMENT | |
| Series statement | Building Engineer |
| Volume/sequential designation | 81(10) October 2006, 28-29(2) |
| 520 ## - SUMMARY, ETC. | |
| Summary, etc. | Provides an overview of the changes to the contaminated Land Regime (applying to England only) which came into force on 4 August 2006. Separate legislation has been enacted in respect of Wales, Scotland and Northern Ireland. Sets out the principal differences between the old and new regimes relating to radioactive contaminated land, the duty to inspect, special sites, mixed sites, remediation and nuclear sites. |
| 590 ## - LOCAL NOTE (RLIN) | |
| Local note | IKA171006 NTK, KA |
| 650 24 - SUBJECT ADDED ENTRY--TOPICAL TERM | |
| Topical term or geographic name entry element | CONTAMINATED LAND |
| 650 24 - SUBJECT ADDED ENTRY--TOPICAL TERM | |
| Topical term or geographic name entry element | CLEAN NEIGHBOURHOODS AND ENVIRONMENT ACT 2005 |
| 650 24 - SUBJECT ADDED ENTRY--TOPICAL TERM | |
| Topical term or geographic name entry element | CONTAMINATED LAND REGULATIONS 2000 |
| 650 24 - SUBJECT ADDED ENTRY--TOPICAL TERM | |
| Topical term or geographic name entry element | CONTAMINATED LAND (ENGLAND) REGULATIONS 2006 |
| 650 24 - SUBJECT ADDED ENTRY--TOPICAL TERM | |
| Topical term or geographic name entry element | ENVIRONMENTAL PROTECTION ACT 1990 PART IIA |
| 650 24 - SUBJECT ADDED ENTRY--TOPICAL TERM | |
| Topical term or geographic name entry element | CLEAN NEIGHBOURHOODS AND ENVIRONMENT ACT 2005 (COMMENCEMENT NO. 2) (ENGLAND) ORDER 2006 |
| 651 #4 - SUBJECT ADDED ENTRY--GEOGRAPHIC NAME | |
| Geographic name | England |
| Chronological subdivision | 886- |
| 690 ## - LOCAL SUBJECT ADDED ENTRY--TOPICAL TERM (OCLC, RLIN) | |
| Topical term or geographic name as entry element | PROPERTY-RURAL AND NATURAL ASSETS-LAND-CONTAMINATED LAND |
| 942 ## - ADDED ENTRY ELEMENTS (KOHA) | |
| Suppress in OPAC | 0 |
| Withdrawn status | Lost status | Source of classification or shelving scheme | Damaged status | Not for loan | Home library | Current library | Shelving location | Date acquired | Total Checkouts | Full call number | Barcode | Date last seen | Copy number | Price effective from | Koha item type |
|---|---|---|---|---|---|---|---|---|---|---|---|---|---|---|---|
| Dewey Decimal Classification | London | London | Journal article | 05/10/2006 | L135225 | 135225-1001 | 06/08/2019 | 1 | 06/08/2019 | Journal article |